| 000 -LEADER |
| fixed length control field |
00644cam a2200217Ia 4500 |
| 020 ## - INTERNATIONAL STANDARD BOOK NUMBER |
| ISBN |
9789712202124 |
| 020 ## - INTERNATIONAL STANDARD BOOK NUMBER |
| ISBN |
9712202127 |
| 040 ## - CATALOGING SOURCE |
| Transcribing agency |
AGL |
| 082 ## - DEWEY DECIMAL CLASSIFICATION NUMBER |
| Classification number |
626 IRR 2007 A050 Or. |
| 245 00 - TITLE STATEMENT |
| Title |
Economic costs of drought and rice farmers' coping mechanisms : |
| Remainder of title |
a cross-country comparative analysis / |
| 260 ## - PUBLICATION, DISTRIBUTION, ETC. (IMPRINT) |
| Place of publication |
Metro Manila, Philippines : |
| Name of publisher |
IRRI, |
| Year of publication |
2007. |
| 300 ## - PHYSICAL DESCRIPTION |
| Number of Pages |
viii, 203 p. : |
| Other physical details |
ill., col. maps ; |
| Dimensions |
23 cm. |
| 650 #0 - SUBJECT ADDED ENTRY--TOPICAL TERM |
| Topical Term |
Droughts |
| 650 #0 - SUBJECT ADDED ENTRY--TOPICAL TERM |
| Topical Term |
Rice |
| 650 #0 - SUBJECT ADDED ENTRY--TOPICAL TERM |
| Topical Term |
Rice farmers |
| 700 1# - ADDED ENTRY--PERSONAL NAME |
| Personal name |
Pandey, S. |
| 700 1# - ADDED ENTRY--PERSONAL NAME |
| Personal name |
Bhandari, Hem Singh |
| 700 1# - ADDED ENTRY--PERSONAL NAME |
| Personal name |
Hardy, B. |
| 710 2# - ADDED ENTRY--CORPORATE NAME |
| Corporate name or jurisdiction name as entry element |
International Rice Research Institute. |
| 942 ## - ADDED ENTRY ELEMENTS (KOHA) |
| Koha item type |
សៀវភៅភាសាអង់គ្លេស |
| 952 ## - LOCATION AND ITEM INFORMATION (KOHA) |
| Withdrawn status [LOCAL, KOHA] |
0 |